|
|
|
|
| LEADER |
00666 a2200181 4500 |
| 008 |
130313b xxu||||| |||| 00| 0 eng d |
| 020 |
|
|
|a 9788126910496
|
| 082 |
|
|
|a 294.382322
|
| 100 |
|
|
|a Shiv K. Kumar.
|
| 245 |
|
|
|a Voice of the Buddha /
|b the dhammapada :Buddhism for the common reader /
|c Shiv K. Kumar.
|
| 260 |
|
|
|b Atlantic,
|c 2009.
|a New Delhi :
|
| 300 |
|
|
|a x ,98p.;
|c 22 cm.
|
| 505 |
|
|
|a Introduction--The dhammapada.
|
| 650 |
|
|
|a Buddhism
|
| 650 |
|
|
|a Dharma (Buddhism)
|
| 942 |
|
|
|c BK
|
| 999 |
|
|
|c 97281
|d 97281
|
| 952 |
|
|
|0 0
|1 0
|4 0
|6 294_382322000000000_SHI_V
|7 0
|9 96927
|a UL
|b UL
|c ST1
|d 2012-01-05
|g 0.00
|l 3
|m 2
|o 294.382322 SHI/V
|p 87512
|r 2014-04-19
|s 2013-12-09
|v 125.00
|x 27
|y BK
|